000 00759nam a2200253Ia 4500
003 OSt
005 20220918172003.0
006 a|||||r|||| 00| 0
007 ta
008 220917b |||||||| |||| 00| 0 eng d
020 _a97883151191 (hbk)
_c850
024 _a243,357
037 _b214, 08/09/2010, Vidyanidhi Prakashan
_cTextual
040 _aARTS
_cARTS
_beng
041 _2eng
_aeng
082 _aQ4, P5.4
100 _aLabh Baidyanath Ed.
_939166
245 0 _aOcean of buddhist wisdom
260 _aDelhi
_bNew Bhartiya Book Corporation India
_c2009
300 _axiii,410p.
_ccm.
650 _aBUDDHISM
942 _hQ4, P5.4
_cTEXL
_2CC
999 _c142167
_d142167